| 000 | 01296nam a2200265Ia 4500 | ||
|---|---|---|---|
| 999 |
_c50673 _d50673 |
||
| 001 | 17624 | ||
| 003 | GE_BSU | ||
| 005 | 20200220145652.0 | ||
| 008 | 181216s2012 xx |||||||||||||| || || | ||
| 020 | _a 978-9941-0-4697-1 | ||
| 040 | _cGE_BSU | ||
| 041 | _ageo | ||
| 080 | _a373.3/.5(479.22) ბ-15 | ||
| 245 |
_aბავშვზე ორიენტირებული სკოლის გზამკვლევი : _bUSAID, სამოქალაქო განვითარების ინ-ტი / _cნათია ანდღულაძე ; სოფიო გორგოძე ; თამარ მოსიაშვილი ; სიმონ ჯანაშია. |
||
| 264 |
_aთბილისი : _bშპს,,ფავორიტი, _c2012. |
||
| 300 |
_a178 გვ; _bცხრ; _c20 სმ. |
||
| 504 | _aბიბლიოგრ.: გვ.155 | ||
| 653 | _aპედაგოგიკა | ||
| 653 | _aსასკოლო განათლება; | ||
| 700 |
_aანდღულაძე, ნათია _97251 |
||
| 700 |
_aგორგოძე, სოფიო _9891 |
||
| 700 |
_aმოსიაშვილი, თამარ _97252 |
||
| 700 |
_a ჯანაშია, სიმონ _97253 |
||
| 942 |
_cBK _2udc |
||